00668nam a22001817a 4500003000900000008004100009040007100050082001800121100002200139245003600161260004900197300002800246505008000274650004700354650001500401650003300416700003700449AR-CdUCM190228b ||||| |||| 00| 0 spa d aMUNICIPALIDAD PROVINCIAL DEL CUSCOcBIBLIOTECA MUNICIPAL DEL CUSCO a918.5 /bSI58 aSivirichi, Atilio aBreve historia de nuestro mar / aLima : bTalls. de Jorge Rey Torrao, c1968. a239 páginas ;c17 cm. aContiene : Estudio histórico del Oceano Pacífico y la costa del Perú. aDominio marítimo (Derecho internacional) aMar Perú aPacífico del Sur, Océano aValencia, Raúl (ilustraciones)